[Event "Merry Christmas 2011"]
[Site "SchemingMind.com"]
[Date "2012.01.17"]
[Round "-"]
[White "clario"]
[Black "e_safarz"]
[Result "0-1"]
[WhiteCountry "RSA"]
[BlackCountry "CAN"]
[WhiteElo "2099"]
[WhiteRD "83"]
[BlackElo "2425"]
[BlackRD "64"]
[GameID "301458"]

1. d4 Nf6 2. c4 e6 3. Nc3 Bb4 4. Qc2 O-O 5. a3 Bxc3+ 6. Qxc3 d5 7. Bg5 c5 8. dxc5 d4 9. Qg3 Nbd7 10. b4 a5
11. Rd1 e5 12. Nf3 Qe7 13. Bh6 Ne8 14. Bd2 f5 15. Qg5 Qf7 16. bxa5 Nc7 17. Qh4 Re8 18. Bb4 Ne6 19. e3 d3 20. Rxd3 e4
21. Rxd7 Qxd7 22. Ng5 Nxg5
0-1

[Event "Merry Christmas 2011"]
[Site "SchemingMind.com"]
[Date "2012.01.17"]
[Round "-"]
[White "clario"]
[Black "John Galvin"]
[Result "0-1"]
[WhiteCountry "RSA"]
[BlackCountry "USA"]
[WhiteElo "2099"]
[WhiteRD "83"]
[BlackElo "2311"]
[BlackRD "57"]
[GameID "301459"]

1. d4 Nf6 2. c4 g6 3. Nc3 d5 4. cxd5 Nxd5 5. e4 Nxc3 6. bxc3 Bg7 7. Bc4 O-O 8. Ne2 Nc6 9. O-O b6 10. Be3 Bb7
11. Rb1 Qd6 12. Qc2 Na5 13. Bb5 c6 14. e5 Qd7 15. Bd3 c5 16. dxc5 Bxe5 17. cxb6 axb6 18. Rxb6 Rfd8
0-1

[Event "Merry Christmas 2011"]
[Site "SchemingMind.com"]
[Date "2012.01.19"]
[Round "-"]
[White "joopsim"]
[Black "clario"]
[Result "1-0"]
[WhiteCountry "NED"]
[BlackCountry "RSA"]
[WhiteElo "2543"]
[WhiteRD "73"]
[BlackElo "2099"]
[BlackRD "83"]
[GameID "301460"]

1. e4 c5 2. Nf3 d6 3. d4 cxd4 4. Nxd4 Nf6 5. Nc3 a6 6. Bg5 e6 7. f4 Nbd7 8. Qe2 Qc7 9. O-O-O b5 10. a3 Bb7
11. g4 h6 12. Bh4 Rc8 13. Kb1 e5 14. Nf5 exf4 15. Bxf6 Nxf6 16. Bg2 Nd7 17. e5 dxe5 18. Rxd7
1-0

[Event "Merry Christmas 2011"]
[Site "SchemingMind.com"]
[Date "2012.01.19"]
[Round "-"]
[White "Mariazb"]
[Black "clario"]
[Result "1/2-1/2"]
[WhiteCountry "ARG"]
[BlackCountry "RSA"]
[WhiteElo "2270"]
[WhiteRD "92"]
[BlackElo "2124"]
[BlackRD "83"]
[GameID "301461"]

1. d4 d5 2. c4 c6 3. Nf3 e6 4. Nc3 Nf6 5. e3 Nbd7 6. Bd3 dxc4 7. Bxc4 b5 8. Bd3 a6 9. O-O c5 10. a4 b4
11. Ne4 Bb7 12. Nxf6+ Nxf6 13. Qe2 cxd4 14. exd4 Bd6 15. Ne5 O-O 16. Bg5 Be7 17. Be3 Qd5 18. f3 a5 19. Rac1 Rfc8 20. Bb5 Qd6
21. Bf2 Nd5 22. Rfe1 Rxc1 23. Rxc1 Bg5 24. Rc5 Qb6 25. g3 Be7 26. Rc2 Qd6 27. Qe4 g6= 28. Kg2 Bg5 29. Nc6 Bf6 30. Rc5 Kg7
31. Qc2 Nb6=
1/2-1/2

[Event "Merry Christmas 2011"]
[Site "SchemingMind.com"]
[Date "2012.01.19"]
[Round "-"]
[White "MARISCAL"]
[Black "clario"]
[Result "1-0"]
[WhiteCountry "ESP"]
[BlackCountry "RSA"]
[WhiteElo "2294"]
[WhiteRD "66"]
[BlackElo "2099"]
[BlackRD "83"]
[GameID "301462"]

1. e4 c5 2. c3 d5 3. exd5 Qxd5 4. d4 Nf6 5. Na3 cxd4 6. Nb5 Na6 7. cxd4 Bg4 8. Nf3 Bxf3 9. gxf3 e6 10. Nc3 Bb4
11. a3 Bxc3+ 12. bxc3 O-O 13. Rg1 Rfc8 14. c4 Qd6 15. Qd2 g6 16. Bb2
1-0

[Event "Merry Christmas 2011"]
[Site "SchemingMind.com"]
[Date "2012.01.19"]
[Round "-"]
[White "ramesse"]
[Black "clario"]
[Result "1-0"]
[WhiteCountry "SVK"]
[BlackCountry "RSA"]
[WhiteElo "2344"]
[WhiteRD "65"]
[BlackElo "2124"]
[BlackRD "83"]
[GameID "301463"]

1. e4 c5 2. Nf3 d6 3. d4 cxd4 4. Nxd4 Nf6 5. Nc3 a6 6. Be3 e6 7. f3 b5 8. Qd2 Bb7 9. g4 Nfd7 10. O-O-O Nc6
11. Nxc6 Bxc6 12. g5 Be7 13. h4 b4 14. Ne2 Qa5 15. Kb1 Rc8 16. Nd4 Bb7 17. h5 Ne5 18. Rg1 g6 19. a3 gxh5 20. axb4 Qa4
21. Qh2 Qxb4 22. Qxh5 Ng6 23. Be2 Qa4 24. Qh2 Ne5 25. Bf4 Nc6 26. b3 Qa3 27. Nxc6 Rxc6 28. g6 fxg6 29. Rxg6 hxg6 30. Qxh8+ Kd7
31. Qg7 Qa5 32. Bc4 g5 33. Rh1 gxf4 34. Rh7 Rc7 35. Qxe7+ Kc6 36. Bd5+ exd5 37. exd5+ Kc5 38. Qxc7+ Qxc7 39. Rxc7+ Kb6 40. Rd7 Bxd5
41. Rxd6+ Kc5 42. Rxa6 Bxf3 43. Rf6 Bg4 44. Rxf4 Bd7 45. Kb2 Bc6 46. Rf5+ Kd6 47. Rf6+ Kc5 48. c4 Kb6 49. Kc3
1-0

[Event "Merry Christmas 2011"]
[Site "SchemingMind.com"]
[Date "2012.01.19"]
[Round "-"]
[White "NYNH"]
[Black "clario"]
[Result "0-1"]
[WhiteCountry "USA"]
[BlackCountry "RSA"]
[WhiteElo "2047"]
[WhiteRD "70"]
[BlackElo "2124"]
[BlackRD "83"]
[GameID "301465"]

1. d4 d5 2. Nf3 Nf6 3. c4 dxc4 4. e3 e6 5. Bxc4 c5 6. O-O a6 7. Bb3 Be7 8. Nc3 O-O 9. Qe2 Nc6 10. Rd1 Qc7
11. e4 Ng4 12. h3 Nxd4 13. Qd3 Ne5 14. Nxe5 Qxe5 15. f4 Qc7 16. Be3 b6 17. Rac1 Nxb3 18. axb3 Rd8 19. Qe2 Rxd1+ 20. Rxd1 Bb7
21. Qc2 Rd8 22. Rxd8+ Qxd8 23. Na4 a5 24. Nc3 Ba6 25. e5 Qd3 26. Qf2 f6 27. Kh2 Kf7 28. Qf3 h6 29. Qh5+ g6 30. Qf3 f5
31. Qg3 Qc2 32. Qf2 Qxb3 33. g4 a4 34. Qd2 b5 35. gxf5 gxf5 36. Qf2 a3 37. Bc1 b4 38. bxa3 bxc3
0-1

[Event "Merry Christmas 2011"]
[Site "SchemingMind.com"]
[Date "2012.01.21"]
[Round "-"]
[White "e_safarz"]
[Black "clario"]
[Result "1-0"]
[WhiteCountry "CAN"]
[BlackCountry "RSA"]
[WhiteElo "2425"]
[WhiteRD "64"]
[BlackElo "2099"]
[BlackRD "83"]
[GameID "301466"]

1. d4 d5 2. c4 c6 3. Nf3 e6 4. Qc2 Bd6 5. g3 f5 6. Bg2 Nf6 7. O-O O-O 8. b3 Qe7 9. Ne5 Nbd7 10. Bb2 Ne4
11. e3 Nxe5 12. dxe5 Bc5 13. Nc3 Bd7 14. Na4 Ba3 15. f3 Bxb2 16. Qxb2 Ng5 17. Rac1 dxc4 18. bxc4 b5 19. cxb5
1-0

[Event "Merry Christmas 2011"]
[Site "SchemingMind.com"]
[Date "2012.01.21"]
[Round "-"]
[White "John Galvin"]
[Black "clario"]
[Result "1-0"]
[WhiteCountry "USA"]
[BlackCountry "RSA"]
[WhiteElo "2311"]
[WhiteRD "57"]
[BlackElo "2099"]
[BlackRD "83"]
[GameID "301467"]

1. e4 c5 2. c3 d5 3. exd5 Qxd5 4. d4 Nf6 5. Nf3 Bg4 6. dxc5 Qxd1+ 7. Kxd1 e5 8. b4 e4 9. h3 Bh5 10. g4 Nxg4
11. hxg4 Bxg4 12. Nd2
1-0

[Event "Merry Christmas 2011"]
[Site "SchemingMind.com"]
[Date "2012.01.17"]
[Round "-"]
[White "Silvy"]
[Black "joopsim"]
[Result "1/2-1/2"]
[WhiteCountry "ITA"]
[BlackCountry "NED"]
[WhiteElo "2480"]
[WhiteRD "81"]
[BlackElo "2543"]
[BlackRD "73"]
[GameID "301524"]

1. d4 d5 2. c4 c6 3. Nf3 Nf6 4. e3 e6 5. b3 Ne4 6. Bd3 Bd6 7. O-O Qe7 8. Nbd2 f5 9. Ne5 O-O 10. f3 Nf6
11. Bb2 c5 12. Rc1 Nc6 13. Qe2 a5 14. f4 cxd4 15. exd4 Ne4 16. Qe3 Bd7 17. Be2 Rad8 18. Rcd1 Be8 19. Nxe4 dxe4 20. g4 g5
21. fxg5 Nxe5 22. c5 Bc7 23. dxe5 Rxd1 24. Bxd1 f4 25. Rxf4 Rxf4 26. Qxf4 Qxc5+ 27. Kg2 Bb6 28. Kh3 Bb5 29. a4 Ba6 30. Bc1 Qc3+
31. Kg2 Bc5 32. Qd2 Qxe5 33. Qd8+ Kf7 34. Qd7+ Be7 35. Ba3 Qxg5 36. h3 h6 37. Bc2 e3 38. Bg6+ Kxg6 39. Bxe7 Qd5+=
1/2-1/2

[Event "Merry Christmas 2011"]
[Site "SchemingMind.com"]
[Date "2012.01.19"]
[Round "-"]
[White "Silvy"]
[Black "Mariazb"]
[Result "1-0"]
[WhiteCountry "ITA"]
[BlackCountry "ARG"]
[WhiteElo "2506"]
[WhiteRD "80"]
[BlackElo "2270"]
[BlackRD "92"]
[GameID "301525"]

1. d4 Nf6 2. c4 e6 3. g3 d5 4. Nf3 Be7 5. Bg2 O-O 6. O-O dxc4 7. Qc2 Bd7 8. Qxc4 Nc6 9. Nc3 Na5 10. Qd3 c5
11. dxc5 Bxc5 12. Rb1 Nc6 13. a3 Qc7 14. b4 Be7 15. Ne4 Rad8 16. Nxf6+ Bxf6 17. Ng5 g6 18. Ne4 Be7 19. Bh6 Rfe8 20. Rfc1 Bc8
21. Qc4 Qb8 22. e3 Ne5 23. Qc3 f6 24. Bf4 b6 25. h4 Rd7 26. Qb3 Kg7 27. g4 Bb7 28. g5 Bd5 29. gxf6+ Bxf6 30. Nxf6 Kxf6
31. Qb2 Bxg2 32. Kxg2 Qa8+ 33. Kg1 Qe4 34. f3 Qf5 35. Bg3 Red8 36. f4 Kf7 37. fxe5 Kg8 38. Rf1 Qe4 39. Qf2 Qc4 40. Rbc1 Qg4
41. Rc6
1-0

[Event "Merry Christmas 2011"]
[Site "SchemingMind.com"]
[Date "2012.01.17"]
[Round "-"]
[White "Silvy"]
[Black "MARISCAL"]
[Result "1-0"]
[WhiteCountry "ITA"]
[BlackCountry "ESP"]
[WhiteElo "2480"]
[WhiteRD "81"]
[BlackElo "2294"]
[BlackRD "66"]
[GameID "301526"]

1. d4 e6 2. Nf3 d5 3. c4 c6 4. e3 f5 5. Bd3 Nf6 6. O-O Bd6 7. b3 Qe7 8. Bb2 O-O 9. Qc1 b6 10. Ba3 c5
11. cxd5 exd5 12. Nc3 Na6 13. Nb5 Bb8 14. dxc5 bxc5 15. Qc2 Ne4 16. Nc3 Nxc3 17. Qxc3 Nb4 18. Rac1 Bd6 19. Bxb4 cxb4 20. Qd2 Bb7
21. g3 g6 22. Bb5 Rac8 23. Nd4 Bc5 24. Bc6 Bxc6 25. Nxc6 Qd6 26. Nd4 g5 27. Rfe1 Qf6 28. Nf3 Rfd8 29. Qd3 g4 30. Nh4 Qe6
31. Nxf5 Rf8 32. Nd4 Qf6 33. Qe2 h5 34. Rc2 Bd6 35. Rxc8 Rxc8 36. h3 Qg6 37. hxg4 hxg4 38. Qb5
1-0

[Event "Merry Christmas 2011"]
[Site "SchemingMind.com"]
[Date "2012.01.22"]
[Round "-"]
[White "Silvy"]
[Black "clario"]
[Result "1-0"]
[WhiteCountry "ITA"]
[BlackCountry "RSA"]
[WhiteElo "2480"]
[WhiteRD "81"]
[BlackElo "2099"]
[BlackRD "83"]
[GameID "301527"]

1. d4 d5 2. c4 c6 3. Nf3 e6 4. e3 Bd6 5. b3 Nf6 6. Bb2 O-O 7. Bd3 dxc4 8. bxc4 c5 9. Qe2 Nc6 10. Nbd2 Qb6
11. Rb1 Nb4 12. O-O
1-0

[Event "Merry Christmas 2011"]
[Site "SchemingMind.com"]
[Date "2012.01.20"]
[Round "-"]
[White "Silvy"]
[Black "ramesse"]
[Result "1/2-1/2"]
[WhiteCountry "ITA"]
[BlackCountry "SVK"]
[WhiteElo "2506"]
[WhiteRD "80"]
[BlackElo "2344"]
[BlackRD "65"]
[GameID "301528"]

1. d4 d5 2. c4 c6 3. Nf3 Nf6 4. e3 a6 5. Bd3 Bg4 6. Nbd2 e6 7. O-O Nbd7 8. Qc2 dxc4 9. Bxc4 Rc8 10. e4 Be7
11. h3 Bh5 12. b3 c5 13. d5 exd5 14. exd5 Bg6 15. Bd3 O-O 16. Bxg6 hxg6 17. Bb2 Nxd5 18. Rad1 Qc7 19. Ne4 N7f6 20. Rfe1 Rcd8
21. Neg5 Nb4 22. Qe2 Rxd1 23. Rxd1 Nc6 24. Qc4 Nh5 25. a4 Na5 26. Qc3 Bf6 27. Qc2 Bxb2 28. Qxb2 Qb6 29. Rb1 Re8 30. Qc3 Qb4
31. Qd3 Nf6 32. g3= Nc6 33. Kg2 Rd8 34. Qc2 Rd7 35. h4 Rd5 36. Rc1 Qg4 37. Qe2 Qd7 38. Re1 Qc8 39. Qc4 Qd7 40. Re3 Kf8
41. Re1 Qf5 42. Re3=
1/2-1/2

[Event "Merry Christmas 2011"]
[Site "SchemingMind.com"]
[Date "2012.01.17"]
[Round "-"]
[White "Silvy"]
[Black "NYNH"]
[Result "1-0"]
[WhiteCountry "ITA"]
[BlackCountry "USA"]
[WhiteElo "2480"]
[WhiteRD "81"]
[BlackElo "2066"]
[BlackRD "66"]
[GameID "301530"]

1. d4 d5 2. c4 Nc6 3. Nc3 dxc4 4. Nf3 Nf6 5. Bg5 h6 6. Bh4 a6 7. e4 b5 8. d5 Na5 9. e5 g5 10. Bg3 Nh5
11. e6 Nxg3 12. Ne5 Bg7 13. Nxf7 Nxh1 14. Qh5 O-O 15. Nxd8 Rxd8 16. Qf7+ Kh8 17. Qxe7 Bxe6 18. dxe6 Re8 19. Qf7 Nxf2 20. e7 Nc6
21. Nd5 Bxb2 22. Rb1 c3 23. Qf6+ Kh7 24. Kxf2 c2 25. Bd3+ Kg8 26. Qg6+ Kh8 27. Qh7#
1-0

[Event "Merry Christmas 2011"]
[Site "SchemingMind.com"]
[Date "2012.01.17"]
[Round "-"]
[White "Silvy"]
[Black "e_safarz"]
[Result "1/2-1/2"]
[WhiteCountry "ITA"]
[BlackCountry "CAN"]
[WhiteElo "2480"]
[WhiteRD "81"]
[BlackElo "2425"]
[BlackRD "64"]
[GameID "301531"]

1. d4 Nf6 2. c4 e6 3. g3 d5 4. Nf3 Be7 5. Bg2 O-O 6. O-O dxc4 7. Qc2 a6 8. Qxc4 b5 9. Qc2 Bb7 10. Bd2 Be4
11. Qc1 Bb7 12. Bf4 Nd5 13. Nc3 Nxf4 14. Qxf4 Nd7 15. Rfd1 Bd6 16. Qe3 Nb6 17. Ne1 Bxg2 18. Kxg2 Qe7 19. Nd3 f5 20. Rac1 Qf6
21. b3 Rfe8 22. f4 Rac8 23. Qf2 Red8 24. Nb1 Nd5 25. Rc6 Ra8 26. Rc2 b4 27. Rdc1 a5 28. Nd2 a4 29. e4 fxe4 30. Nxe4 Qf5
31. Re1 axb3 32. axb3 Nf6 33. Qf3 Nxe4 34. Qxe4 Re8 35. Ne5 Ra3 36. Qc6 Rea8 37. Ree2 Ra1 38. Rf2 R1a6 39. Qf3=
1/2-1/2

[Event "Merry Christmas 2011"]
[Site "SchemingMind.com"]
[Date "2012.01.17"]
[Round "-"]
[White "Silvy"]
[Black "John Galvin"]
[Result "1-0"]
[WhiteCountry "ITA"]
[BlackCountry "USA"]
[WhiteElo "2480"]
[WhiteRD "81"]
[BlackElo "2311"]
[BlackRD "57"]
[GameID "301532"]

1. d4 Nf6 2. c4 g6 3. g3 c5 4. d5 Bg7 5. Bg2 O-O 6. Nc3 a6 7. a4 d6 8. Nf3 Nbd7 9. O-O Ng4 10. h3 Nge5
11. Nd2 b5 12. cxb5 Nb6 13. bxa6 Bxa6 14. Qc2 Rb8 15. b3 e6 16. dxe6 fxe6 17. Bb2 Qe7 18. Rfc1 Nf7 19. a5 Nd7 20. Na4 Bxb2
21. Nxb2 Rfc8 22. Qc3 Nfe5 23. Nbc4 Nc6 24. Bxc6 Rxc6 25. e4 Qg7 26. Qxg7+ Kxg7 27. Ne3 Kf8 28. Rc3 Ke7 29. Re1 Ne5 30. Nd5+ Kd8
31. Nb6 Nd7 32. Ndc4 Bxc4 33. Nxc4 d5 34. Ne5 Ra6 35. exd5 exd5 36. Rd3 Nf6 37. g4 d4 38. g5 Nd7 39. Nc4
1-0

[Event "Merry Christmas 2011"]
[Site "SchemingMind.com"]
[Date "2012.01.17"]
[Round "-"]
[White "joopsim"]
[Black "Silvy"]
[Result "1-0"]
[WhiteCountry "NED"]
[BlackCountry "ITA"]
[WhiteElo "2543"]
[WhiteRD "73"]
[BlackElo "2480"]
[BlackRD "81"]
[GameID "301533"]

1. e4 e6 2. d4 d5 3. Nc3 Bb4 4. e5 c5 5. a3 Bxc3+ 6. bxc3 Ne7 7. Qg4 Qc7 8. Qxg7 Rg8 9. Qxh7 cxd4 10. Ne2 dxc3
11. f4 Nbc6 12. Qd3 Nf5 13. Rb1 Bd7 14. h4 d4 15. h5 O-O-O 16. Rg1 Kb8 17. g4 Nh6 18. Bh3 Bc8 19. Qc4 Qd7 20. Rg3 Ka8
21. Rb5 a6 22. Rc5 b5 23. Qd3 Bb7 24. f5 Na5 25. f6 Rh8 26. a4 Nc6 27. axb5 Nb4 28. Qc4 Nxc2+ 29. Kf2 Bd5 30. Qa4 Qa7
31. Qxa6 Bb7 32. Qxa7+ Kxa7 33. Rc4 d3 34. Bxh6 dxe2 35. Be3+ Nxe3 36. Rxe3 Kb6 37. Rcxc3
1-0

[Event "Merry Christmas 2011"]
[Site "SchemingMind.com"]
[Date "2012.01.19"]
[Round "-"]
[White "Mariazb"]
[Black "Silvy"]
[Result "0-1"]
[WhiteCountry "ARG"]
[BlackCountry "ITA"]
[WhiteElo "2270"]
[WhiteRD "92"]
[BlackElo "2506"]
[BlackRD "80"]
[GameID "301534"]

1. e4 e6 2. d4 d5 3. exd5 exd5 4. Bd3 Nc6 5. Nf3 Bd6 6. O-O Nge7 7. c3 Bg4 8. Re1 Qd7 9. Nbd2 O-O-O 10. b4 Ng6
11. Qa4 Nf4 12. Kf1 Nxd3 13. Re3 Nf4 14. b5 Ne7 15. Ne5 Bxe5 16. dxe5 d4 17. cxd4 Qxd4 18. Qxd4 Rxd4 19. g3 Bh3+ 20. Kg1 Ne6
21. Nf3 Rd1+ 22. Re1 Rxe1+ 23. Nxe1 Rd8 24. a4 Rd1 25. Bb2 Rxa1 26. Bxa1 Nc5 27. Nf3 Be6 28. a5 Nb3 29. Bc3 Nd5 30. Be1 h6
31. Nh4 Nd4 32. f4 Nxb5 33. Bf2 b6 34. axb6 cxb6 35. f5 Bd7 36. g4 a5 37. Nf3 a4 38. Nd4 Nxd4 39. Bxd4 a3 40. Kf2 b5
41. Ke2 b4
0-1

[Event "Merry Christmas 2011"]
[Site "SchemingMind.com"]
[Date "2012.01.17"]
[Round "-"]
[White "MARISCAL"]
[Black "Silvy"]
[Result "0-1"]
[WhiteCountry "ESP"]
[BlackCountry "ITA"]
[WhiteElo "2294"]
[WhiteRD "66"]
[BlackElo "2480"]
[BlackRD "81"]
[GameID "301535"]

1. e4 e6 2. d4 d5 3. e5 c5 4. c3 Nc6 5. Nf3 Bd7 6. a3 f6 7. Bd3 Qc7 8. O-O O-O-O 9. Re1 h6 10. b4 c4
11. Bc2 f5 12. a4 g5 13. Na3 Be8 14. Nb5 Qg7 15. Nd6+ Kb8 16. b5 Nce7 17. Nxe8 Rxe8 18. a5 g4 19. Nh4 Ng6 20. Nxg6 Qxg6
21. Bf4 h5 22. Ba4 Rd8 23. Qd2 h4 24. Qe3 Bh6 25. f3 Bxf4 26. Qxf4 gxf3 27. Qxf3 Nh6 28. Qf4 Rdg8 29. Ra2 Nf7 30. Kh1 Ng5
31. Bc2 Nh3 32. Qd2 Nf4 33. Bd1 Nd3 34. Rf1 h3 35. g3 f4 36. g4 f3 37. Bxf3 Rf8
0-1

[Event "Merry Christmas 2011"]
[Site "SchemingMind.com"]
[Date "2012.01.22"]
[Round "-"]
[White "clario"]
[Black "Silvy"]
[Result "1/2-1/2"]
[WhiteCountry "RSA"]
[BlackCountry "ITA"]
[WhiteElo "2099"]
[WhiteRD "83"]
[BlackElo "2480"]
[BlackRD "81"]
[GameID "301536"]

1. d4 d5 2. c4 c6 3. Nf3 Nf6 4. Nc3 dxc4 5. a4 Bf5 6. e3 e6 7. Bxc4 Bb4 8. O-O O-O 9. Qe2 Nbd7 10. e4 Bg6
11. Bd3 Bh5 12. e5 Nd5 13. Ne4 Be7 14. Ng3 Bg6 15. Bxg6 hxg6 16. Rd1 c5 17. Be3 Rc8 18. Ne4 cxd4 19. Bxd4 Qc7 20. b3 b6
21. Qf1 Rfd8 22. Rac1 Qb7 23. Rxc8 Rxc8 24. Nfd2 Rc2 25. g3 Nb4 26. Nd6 Qc6 27. N2c4=
1/2-1/2

[Event "Merry Christmas 2011"]
[Site "SchemingMind.com"]
[Date "2012.01.19"]
[Round "-"]
[White "ramesse"]
[Black "Silvy"]
[Result "1/2-1/2"]
[WhiteCountry "SVK"]
[BlackCountry "ITA"]
[WhiteElo "2344"]
[WhiteRD "65"]
[BlackElo "2506"]
[BlackRD "80"]
[GameID "301537"]

1. e4 e6 2. d4 d5 3. Nc3 Bb4 4. e5 c5 5. a3 Bxc3+ 6. bxc3 Ne7 7. Qg4 Qc7 8. Qxg7 Rg8 9. Qxh7 cxd4 10. Ne2 dxc3
11. f4 Nbc6 12. Qd3 Nf5 13. Qxc3 Bd7 14. Rb1 O-O-O 15. Rg1 d4 16. Qd3 Na5 17. Rb4 a6 18. g4 Ne3 19. Nxd4 Nxf1 20. Qxf1 Bb5
21. Qf3 Rh8 22. h3 Bc4 23. Qe3= Qd7 24. Bb2 Kb8 25. Kd2 Qd5 26. Kc1 Ba2 27. Qg3 Rc8 28. h4 Nc6 29. Nxc6+ Qxc6 30. Qc3 Bc4
31. h5 a5 32. Rxc4 Qxc4=
1/2-1/2

[Event "Merry Christmas 2011"]
[Site "SchemingMind.com"]
[Date "2012.01.17"]
[Round "-"]
[White "NYNH"]
[Black "Silvy"]
[Result "0-1"]
[WhiteCountry "USA"]
[BlackCountry "ITA"]
[WhiteElo "2066"]
[WhiteRD "66"]
[BlackElo "2480"]
[BlackRD "81"]
[GameID "301539"]

1. d4 d5 2. c4 c6 3. cxd5 cxd5 4. Nf3 Nf6 5. Nc3 a6 6. Bf4 Nc6 7. Rc1 e6 8. e3 Be7 9. Bd3 O-O 10. O-O Nh5
11. Be5 f6 12. Bg3 Nxg3 13. hxg3 f5 14. g4 fxg4 15. Ne5 h5 16. Bg6 Bd6 17. Bxh5 Bxe5 18. dxe5 g3 19. e4 gxf2+ 20. Rxf2 Rxf2
21. Kxf2 d4 22. Nb1 Nxe5 23. Be2 d3 24. Bf3 Qd4+ 25. Kf1 Bd7 26. Qb3 Rf8 27. Nd2 Ng4 28. Ke1 Qe3+ 29. Kd1 Nf2#
0-1

[Event "Merry Christmas 2011"]
[Site "SchemingMind.com"]
[Date "2012.01.17"]
[Round "-"]
[White "e_safarz"]
[Black "Silvy"]
[Result "1/2-1/2"]
[WhiteCountry "CAN"]
[BlackCountry "ITA"]
[WhiteElo "2425"]
[WhiteRD "64"]
[BlackElo "2480"]
[BlackRD "81"]
[GameID "301540"]

1. d4 d5 2. c4 c6 3. Nf3 Nf6 4. Nc3 dxc4 5. a4 Bf5 6. e3 e6 7. Bxc4 Bb4 8. O-O O-O 9. Qe2 Nbd7 10. e4 Bg6
11. Bd3 Bh5 12. e5 Nd5 13. Nxd5 cxd5 14. Qe3 Bg6 15. Ng5 Re8 16. Bxg6 fxg6 17. a5 Rc8 18. Qf4 Qe7 19. Ra4 Nf8 20. Be3 h6
21. Qf7+ Qxf7 22. Nxf7 Kxf7 23. Rxb4 Re7 24. f4 Rec7 25. Bd2 Nd7 26. Kf2 Rc2 27. Ke3 R8c7 28. Rb3 Nb8 29. Rc1 Rxc1 30. Bxc1 g5
31. fxg5 hxg5 32. Bd2 Kg6 33. Ra3 a6 34. Rc3 Nc6 35. Kd3 Rf7 36. Rb3 Kf5 37. Rb6 g4 38. b4 Na7 39. Rd6 Rc7=
1/2-1/2

[Event "Merry Christmas 2011"]
[Site "SchemingMind.com"]
[Date "2012.01.17"]
[Round "-"]
[White "John Galvin"]
[Black "Silvy"]
[Result "1/2-1/2"]
[WhiteCountry "USA"]
[BlackCountry "ITA"]
[WhiteElo "2311"]
[WhiteRD "57"]
[BlackElo "2480"]
[BlackRD "81"]
[GameID "301541"]

1. e4 e6 2. d4 d5 3. Nd2 Nf6 4. e5 Nfd7 5. Bd3 c5 6. c3 Nc6 7. Ngf3 Be7 8. O-O g5 9. dxc5 Nxc5 10. Bb5 h6
11. Nd4 Bd7 12. Qe2 Qc7 13. Re1 O-O-O 14. a4 Nxd4 15. cxd4 Bxb5 16. axb5 Nd7 17. Rxa7 Kb8 18. Ra1 Qc2 19. Qf3 Bb4 20. Qxf7 Rde8
21. Rf1 Nb6 22. Nf3 Nc4 23. h3 Qd3 24. b6 Nxb6 25. b3 Qh7 26. Qxh7 Rxh7 27. Be3 Be7 28. Rfc1 Na8 29. Kf1 Nc7 30. Nh2 h5
31. Ke2 Nb5 32. Ra5 Nc7 33. Nf3 g4 34. hxg4 hxg4 35. Ng5 Bxg5 36. Bxg5 b6 37. Raa1 Rg8 38. Be3 Rgh8 39. Kd3 Kb7=
1/2-1/2